000 00579nam a2200217Ia 4500
003 OSt
005 20220926045215.0
006 a|||||r|||| 00| 0
007 ta
008 220923b |||||||| |||| 00| 0 eng d
037 _cGeneral Book
040 _aRTL
_cRTL
_beng
041 _2eng
_aeng
082 _aX71.221
110 _aKERALA(Govt of-),Finance Department.
_9349930
245 0 _aKerala Budget in Brief. 1972-73
260 _c1973
700 _aKERALA(Govt of-),Finance Department.
_9349931
942 _hX71.221
_cGB
_2CC
999 _c676964
_d676964